| 000 | 00432nam a2200181Ia 4500 | ||
|---|---|---|---|
| 001 | 20251 | ||
| 005 | 20260306172752.0 | ||
| 008 | 260306t1999||||xx |||||||||||||| ||spa|| | ||
| 041 | _aESP | ||
| 082 |
_a343.05 _bV47 |
||
| 100 |
_aInformativo Vera Paredes _eAUT |
||
| 245 | 0 | _aManual tributario laboral 1999 | |
| 260 | _c1999 | ||
| 300 |
_a426 páginas : _c21cm. |
||
| 650 | _aGEN | ||
| 654 | _aCDE | ||
| 942 |
_cLIB _dJUS _fJUS _2ddc _n |
||
| 999 |
_c20251 _d20251 |
||